1035 1969 1137 1707 1526 1917 1998 1637 1024 1037 1578 1152 1626 1296 1236 1227 1305 1935 1881 1242 1955 1648 1140 1376 1708 1398 1125 1159 1603 1649 1353 1111 1071 1102 1689 1359 1504 1594 1291 1809 1384 1285 1757 1261 1900 1198 1786 1913 1357 1810 1359 1688 1175 1507 1252 1466 1523 1145 1195 1639 1316 1348 1148 1960 1275 1550 1938 1498 1520 1580 1321 1407 1797 1123 1959 1086 1600 1377 1695 1253 1105 1604 1041 1156 1106 1333 1782 1271 1293 1570 1157 1527 1090 1506 1241 1754 1562 1390 1459 BCNSPRNW ULIB Ver.6.0+V

เปลี่ยนเป็นภาษาไทย

Change to English
 แสดงรายละเอียดบรรณานุกรม
  กลับหน้าหลัก

Brief Record : Get Marc (ISO 2709) : E-mail record : QR code < ปิดหน้าต่าง
LEADER : 00000nam 2200000uu 4500
001    13399127508
003     ULIB
008    200911s2562||||th 000 0 tha d
020 ^- ^a9786160037919
050 ^- ^aนว.^bก371ค
100 0^ ^aกนิษฐา ปานเกตุ.
245 10 ^aคุณพ่อสายลับ =My daddy is sitting bull /^cกรรัมภา.
246 11 ^aMy daddy is sitting bull
250 ^- ^aพิมพ์ครั้งแรก.
260 ^- ^aกรุงเทพฯ :^bพิมพ์คำ,^c2562
300 ^- ^a519 หน้า.
490 1^ ^aชุด Love choices รักลงเอย ;[ลำดับที่ 1]
945    ^p360^l0^i007108
999    ^aประนอม เกษจรัล
รายการนี้ยังไม่มีแท็ก
คุณยังไม่ได้ล็อกอิน คุณสามารถมีกิจกรรมร่วมกับเว็บไซต์ได้ แต่ต้องล็อกอินก่อน ::
  ล็อกอิน

รายการสื่อสารสนเทศ

ลำดับที่ ประเภท เลขเรียก/บาร์โค้ด สถานที่ สถานะ
1. นวนิยาย
นวนิยาย
นว. ก371ค ฉ.1 
  Barcode: 007108
ห้องสมุดวิทยาเขตนครสวรรค์
►นวนิยาย:l:Fiction
บนชั้น

รายการใกล้เคียง
    ผู้แต่ง [กนิษฐา ปานเกตุ.]

BibComment


ยังไม่เคยถูกคอมเมนท์

คอมเมนท์ทรัพยากรรายการนี้
  คอมเมนท์: คุณพ่อสายลับ My ..


 Copyright 2026. Bcnsprnw @Library